Prénoms féminins les plus populaires en A - Statistiques

Statistiques générales
  • Ce quiz a été pris 878 fois
  • Le résultat moyen est 23 sur 59
Statistiques - réponses
Hint Réponse % Correct
An Anna
93%
An Anne
90%
Am Amélie
86%
Al Alice
79%
Ax Axelle
69%
An Annie
68%
Au Aurélie
66%
Ag Agathe
64%
Al Alicia
63%
Ad Adeline
61%
An Anaïs
61%
Ad Adèle
59%
Al Alexandra
57%
Ap Apolline
55%
Al Aline
53%
Au Audrey
53%
Am Amandine
52%
Au Aurore
51%
Am Ambre
50%
Al Alba
46%
Al Alix
46%
Al Alexia
44%
An Angèle
43%
An Angélique
43%
Au Aude
42%
An Annabelle
39%
Al Alma
37%
An Andréa
37%
An Annick
36%
Ar Ariane
35%
An Antoinette
34%
Ay Aya
34%
Ag Agatha
32%
Aïcha
32%
Ar Armelle
32%
Ag Agnès
31%
An Anaëlle
31%
An Andrée
31%
Ai Aimée
28%
An Anouk
28%
As Astrid
28%
Al Albanne
27%
An Angelina
27%
An Anita
25%
Au Augustine
24%
Al Alizée
23%
An Angela
22%
Ar Arlette
20%
An Anastasia
19%
Al Albertine
17%
Ar Armande
17%
Al Alison
16%
Au Auriane
16%
Au Auriane
16%
Al Alberte
14%
Al Alexandrine
13%
Al Aliénor
10%
Al Alexane
7%
As Ashley
7%
Aucun quiz correspondant
Distribution des résultats
% des personnes avec chaque résultat
Percentile par nombre de réponses
Votre historique - résultats
Vous n’avez pas pris ce quiz